Animal cell technology Challenges for the 21th Century
Uloženo v:
| Hlavní autor: | |
|---|---|
| Médium: | Kniha |
| Jazyk: | Undetermined |
| Vydáno: |
Dordrecht
Kluwer Academic
1999
|
| Témata: | |
| Tagy: |
Přidat tag
Žádné tagy, Buďte první, kdo otaguje tento záznam!
|
| Thư viện lưu trữ: | Trung tâm Học liệu Trường Đại học Cần Thơ |
|---|
| LEADER | 00538nam a2200181Ia 4500 | ||
|---|---|---|---|
| 001 | CTU_48958 | ||
| 008 | 210402s9999 xx 000 0 und d | ||
| 082 | |a 571.6 | ||
| 082 | |b A598 | ||
| 100 | |a Animal cell technology | ||
| 245 | 0 | |a Animal cell technology | |
| 245 | 0 | |b Challenges for the 21th Century | |
| 245 | 0 | |c Animal cell technology, Kouji Ikura ...[et al.] | |
| 260 | |a Dordrecht | ||
| 260 | |b Kluwer Academic | ||
| 260 | |c 1999 | ||
| 650 | |a animal cell biotechnology | ||
| 980 | |a Trung tâm Học liệu Trường Đại học Cần Thơ | ||